000 00706nam a2200241Ia 4500
003 OSt
005 20260209114346.0
008 210210b2010 xxu||||| |||| 00| 0 eng d
040 _cAL
041 _aKannada
082 _aK894.4 ISHS
100 _aISHVARAYYA (A)
_9167513
_dಈಶ್ವರಯ್ಯ (ಎ)
245 _aSarasa: lalita prabandhagala sankalana
_bಸರಸ: ಲಲಿತ ಪ್ರಬಂಧಗಳ ಸಂಕಲನ
260 _aBengaLuru
_bAnkita Pustaka
_c2010
300 _a234
650 _aSarasa:
_9167514
650 _asankalana
_9167515
650 _aprabandhagaLa
_9167516
650 _alalita
_9167517
690 _aKannada Prose
_9167518
906 _a065190
942 _2ddc
_cBK
999 _c142873
_d142873